000 02164cam a22002897i 4500
003 OSt
005 20240816002914.0
008 151012e201504 ck 000 0 spa
020 _a9789587202724
040 _aDLC
_beng
_cCO-UdeC
_erda
_dCO-UdeC
082 _a863
_bZ94
100 1 _aZuleta, Eduardo,
_d1862-1937,
245 1 0 _aTierra virgen /
_cEduardo Zuleta.
250 _aPrimera edición.
264 1 _aMedellín :
_bFondo Editorial Universidad EAFIT,
_c2015.
300 _a187 p, ;
_c24 cm.
336 _atext
_btxt
_2rdacontent
337 _aunmediated
_bn
_2rdamedia
338 _avolume
_bnc
_2rdacarrier
490 0 _aColección Bicentenario de Antioquia ;
_v91.
505 0 0 _aEn viaje -- El baile -- Comentarios -- Manuelito y Virgilio -- Las manos en la cabeza -- Sale lo que no se espera -- Juan Criollo -- Los amigos -- Percance -- Años después -- Los veinticincos -- Las dos casas -- Liberato en El Bagre -- Juancho y Carmen -- Días obscuros -- Fin de siglo (en Londres)
520 0 _aTierra Virgen de Eduardo Zuleta puede parecer simplemente el relato de la familia Jácome y sus avatares en la Remedios del siglo XIX, con sus prósperos negocios pero también con las miserias vividas en las guerras civiles, con los viajes y estudios de los padres e hijos entre Medellín y Europa, en medio de amoríos y entrañables relaciones de amistad, como aquella con el negro Liberato. Tierra Virgen, como plano de fondo, logra retratar una época en la complejidad de sus conflictos sociales: el ambiente minero que se vivió en uno de los mayores centros auríferos de Antioquia, y lo que ello representó como riqueza pero también como decadencia. Y parte de ese retrato se logra porque la prosa de Zuleta es transparente y siempre concentrada en función del desarrollo de las situaciones, no en vano dijo Carrasquilla que su frase, "ni lenta ni apresurada, libre de rodajes retóricos, se mueve rítmica, majestuosa". [Tomado de contraportada]
600 1 4 _aCarrasquilla, Tomás
_92694
650 0 4 _aNovela colombiana
_91936
_xSiglo XIX
651 0 4 _aRemedios
_92693
_xCondiciones sociales
_ySiglo XIX
_zColombia
942 _2ddc
_cBK
_h863 Z94
_n0
999 _c1892
_d1892